The economic development of the British overseas empire (Record no. 552041)

000 -LEADER
fixed length control field 00723cam a2200205 4500
082 ## - DEWEY DECIMAL CLASSIFICATION NUMBER
Classification number 330.942
Author Mark KNO
100 1# - MAIN ENTRY--PERSONAL NAME
Personal name Knowles, L. C. A.
9 (RLIN) 49231
245 14 - TITLE STATEMENT
Title The economic development of the British overseas empire
Statement of responsibility, etc. by L.C.A. Knowles.
250 ## - EDITION STATEMENT
Edition statement Vol I
260 ## - PUBLICATION, DISTRIBUTION, ETC.
Place of publication, distribution, etc. London,
Name of publisher, distributor, etc. G. Routledge,
Date of publication, distribution, etc. 1924-1936.
300 ## - PHYSICAL DESCRIPTION
Extent xv,555 p.
Other physical details fronts. (v. 2: port.) fold. maps.
Dimensions 23 cm.
490 1# - SERIES STATEMENT
Series statement Studies in economics and political science ;
500 ## - GENERAL NOTE
General note Vols. 2-: By the late L.C.A. Knowles ... and C.M. Knowles.
526 ## - STUDY PROGRAM INFORMATION NOTE
Program name 0
Interest level 0
Reading level 0
Title point value 330_942000000000000_KNO
590 ## - LOCAL NOTE (RLIN)
Local note Master negative: 97-10040-5.
590 ## - LOCAL NOTE (RLIN)
Local note No. 5 on a reel of 5 titles.
650 ## - SUBJECT ADDED ENTRY--TOPICAL TERM
Topical term or geographic name entry element MCE
9 (RLIN) 379
700 1# - ADDED ENTRY--PERSONAL NAME
Personal name Knowles, C. M.
9 (RLIN) 49232
942 ## - ADDED ENTRY ELEMENTS (KOHA)
Source of classification or shelving scheme
Koha item type Book
Holdings
Withdrawn status Lost status Source of classification or shelving scheme Damaged status Not for loan Permanent Location Current Location Shelving location Date acquired Total Checkouts Full call number Barcode Date last seen Price effective from Koha item type
          Military College of Engineering (MCE) Military College of Engineering (MCE)   01/06/2015   330.942 KNO MCE-ECE / 38 01/06/2015 01/06/2015 Book
© 2023 Central Library, National University of Sciences and Technology. All Rights Reserved.